|
|
|
|
| LEADER |
00000cam a2200000 c 4500 |
| 001 |
1601900236 |
| 003 |
DE-627 |
| 005 |
20260206201858.0 |
| 007 |
tu |
| 008 |
910912s1991 xx ||||| 00| ||eng c |
| 010 |
|
|
|a 90053171
|
| 020 |
|
|
|a 0394578600
|9 0-394-57860-0
|
| 035 |
|
|
|a (DE-627)1601900236
|
| 035 |
|
|
|a (DE-603)447802534
|
| 035 |
|
|
|a (DE-576)025621831
|
| 035 |
|
|
|a (DE-599)BSZ025621831
|
| 035 |
|
|
|a (OCoLC)21562333
|
| 035 |
|
|
|a (OCoLC)260164557
|
| 040 |
|
|
|a DE-627
|b ger
|c DE-627
|e rakwb
|
| 041 |
|
|
|a eng
|
| 082 |
0 |
|
|a 649/.1
|
| 084 |
|
|
|a 1
|2 ssgn
|
| 084 |
|
|
|a PH 9120
|2 rvk
|0 (DE-625)rvk/136533:
|
| 100 |
1 |
|
|8 1\p
|a Greven, Philip Johannes
|d 1935-
|0 (DE-588)172105447
|0 (DE-627)697017214
|0 (DE-576)132978458
|4 aut
|
| 109 |
|
|
|a Greven, Philip Johannes 1935-
|a Greven, Philip 1935-
|a Greven, Philip J. 1935-
|
| 245 |
1 |
0 |
|a Spare the child
|b the religious roots of punishment and the psychological impact of physical abuse
|c Philip Greven
|
| 250 |
|
|
|a 1. ed.
|
| 264 |
|
1 |
|a New York
|b Knopf
|c 1991
|
| 300 |
|
|
|a XIV, 263 S.
|
| 336 |
|
|
|a Text
|b txt
|2 rdacontent
|
| 337 |
|
|
|a ohne Hilfsmittel zu benutzen
|b n
|2 rdamedia
|
| 338 |
|
|
|a Band
|b nc
|2 rdacarrier
|
| 583 |
1 |
|
|a Archivierung prüfen
|c 20200919
|f DE-640
|z 2
|2 pdager
|
| 583 |
1 |
|
|a Archivierung/Langzeitarchivierung gewährleistet
|f SSG
|x XA-DE-BW
|2 pdager
|5 DE-21
|
| 650 |
0 |
7 |
|0 (DE-588)4069994-8
|0 (DE-627)106101706
|0 (DE-576)209178884
|a Christliche Ethik
|2 gnd
|
| 650 |
0 |
7 |
|0 (DE-588)4057785-5
|0 (DE-627)106149474
|0 (DE-576)209123699
|a Strafe
|2 gnd
|
| 883 |
|
|
|8 1\p
|a cgwrk
|d 20241001
|q DE-101
|u https://d-nb.info/provenance/plan#cgwrk
|
| 935 |
|
|
|a mteo
|a MZUSA
|
| 936 |
r |
v |
|a PH 9120
|b Strafe; Todesstrafe; Freiheitsstrafe; Geldstrafe; Leibesstrafe; Deportation; Vermögensstrafe; Häftlingsberichte
|k Rechtswissenschaft
|k Strafrecht, Strafverfahrensrecht, Kriminologie
|k Kriminologie
|k Pönologie; Kriminalpädagogik; Sanktionenforschung
|k Strafe; Todesstrafe; Freiheitsstrafe; Geldstrafe; Leibesstrafe; Deportation; Vermögensstrafe; Häftlingsberichte
|0 (DE-627)1272127125
|0 (DE-625)rvk/136533:
|0 (DE-576)202127125
|
| 951 |
|
|
|a BO
|
| ELC |
|
|
|b 1
|
| LOK |
|
|
|0 000 xxxxxcx a22 zn 4500
|
| LOK |
|
|
|0 001 3080004485
|
| LOK |
|
|
|0 003 DE-627
|
| LOK |
|
|
|0 004 1601900236
|
| LOK |
|
|
|0 005 20151013102654
|
| LOK |
|
|
|0 008 910912||||||||||||||||ger|||||||
|
| LOK |
|
|
|0 040
|a DE-21
|c DE-627
|d DE-21
|
| LOK |
|
|
|0 852
|a DE-21
|
| LOK |
|
|
|0 852 1
|c KB 18 A 8544
|9 00
|
| LOK |
|
|
|0 935
|a theo
|a sepp
|a krim
|
| LOK |
|
|
|0 939
|a 12-09-91
|b l01
|
| ORI |
|
|
|a SA-MARC-krimdoka001.raw
|
| SIG |
|
|
|a UB: KB 18 A 8544
|